[Event "DVM U14w 2014"]
[Site "Regensburg GER"]
[Date "2014.12.27"]
[Round "2"]
[White "Fuchs, Joline"]
[Black "Schmidt, Alexandra"]
[Result "1/2-1/2"]
[Termination "normal"]
[Board "4.2"]
[WhiteElo "1416"]
[BlackElo "1508"]
[WhiteTeam "USG Chemnitz"]
[BlackTeam "SG Leipzig"]
[PlyCount "119"]
[WhiteFideId "12964506"]
[BlackFideId "12946036"]
[EventCountry "GER"]
[EventRounds "7"]
[EventType "team-swiss"]
[EventDate "2014.12.26"]

1. e4 {[%emt 0:00:00]} e6 2. d4 d5 3. Nc3 Bb4 4. exd5 exd5 5. Nf3 Ne7 6. Bd3
O-O 7. O-O Nbc6 8. Be3 Be6 9. a3 Bd6 10. Ne2 Ng6 11. Ng3 Nce7 12. Qd2 c6 13.
Nh5 Bg4 14. Ng3 Qc7 15. Qd1 Bf4 16. Re1 Rfe8 17. c3 Qd6 18. Rc1 b6 19. Rb1 Qf6
20. Bc2 Bxf3 21. Qxf3 Bxg3 22. Qxg3 h6 23. Qh3 Qh4 24. Qf3 Rf8 25. Re2 Rae8 26.
Rbe1 Nc8 27. g3 Qd8 28. Bd3 Re6 29. Bf5 Rf6 30. Qg4 Nce7 31. Bd3 Qc8 32. Qxc8
Rxc8 33. Bd2 Kf8 34. Kg2 Nf5 35. Kg1 Nd6 36. b3 Re8 37. a4 Rxe2 38. Rxe2 Rf3
39. Bc2 Rf6 40. Kf1 Nf5 41. Ke1 Nfe7 42. Kd1 Ke8 43. Kc1 Kd7 44. Kb2 Re6 45.
Bd3 Rxe2 46. Bxe2 Ke6 47. Bd3 Nc8 48. Ka3 Nd6 49. f3 Ne7 50. Kb4 g5 51. a5 f5
52. h3 Kf6 53. Ka4 Ke6 54. Bc1 Kd7 55. Bd2 Ke6 56. axb6 axb6 57. b4 b5+ 58. Kb3
Kf6 59. Kc2 h5 60. h4 1/2-1/2

[Event "DVM U14w 2014"]
[Site "Regensburg GER"]
[Date "2014.12.27"]
[Round "2"]
[White "Oswald, Lena"]
[Black "Wienhold, Nadine"]
[Result "1-0"]
[Termination "normal"]
[Board "4.3"]
[WhiteElo "1313"]
[BlackElo "1391"]
[WhiteTeam "SG Leipzig"]
[BlackTeam "USG Chemnitz"]
[PlyCount "117"]
[WhiteFideId "12983314"]
[BlackFideId "12964514"]
[EventCountry "GER"]
[EventRounds "7"]
[EventType "team-swiss"]
[EventDate "2014.12.26"]

1. e4 e5 2. Nf3 Nc6 3. Bc4 Bc5 4. Nc3 d6 5. d3 Nf6 6. Be3 Bb6 7. Qd2 Be6 8. Bb3
O-O 9. O-O d5 10. exd5 Bxd5 11. Nxd5 Nxd5 12. Bxb6 Nxb6 13. Rfe1 Qf6 14. Re2
Rae8 15. Rae1 Re7 16. Qc3 Rfe8 17. h3 Nc8 18. Ba4 Re6 19. Bxc6 Rxc6 20. Qa5 b6
21. Qb5 h6 22. c3 Rce6 23. Rxe5 Nd6 24. Rxe6 Rxe6 25. Rxe6 Nxb5 26. Rxf6 gxf6
27. Kf1 Kf8 28. Ke2 Ke7 29. Ke3 Ke6 30. Nd4+ Nxd4 31. Kxd4 c6 32. Ke4 f5+ 33.
Ke3 a6 34. b4 f6 35. a4 h5 36. c4 h4 37. Kf4 c5 38. bxc5 bxc5 39. a5 Kd6 40.
Kxf5 Ke7 41. Kg4 Ke6 42. f4 f5+ 43. Kxh4 Kf6 44. g4 Kg6 45. g5 Kh7 46. Kh5 Kg7
47. h4 Kh7 48. g6+ Kg7 49. Kg5 Kg8 50. Kxf5 Kg7 51. h5 Kg8 52. h6 Kf8 53. g7+
Kf7 54. Ke5 Kg8 55. f5 Kf7 56. f6 Kg8 57. Kf5 Kh7 58. f7 Kxh6 59. g8=Q 1-0

[Event "DVM U14w 2014"]
[Site "Regensburg GER"]
[Date "2014.12.27"]
[Round "2"]
[White "Belusa, Laura Sophie"]
[Black "Kahle, Leonie"]
[Result "1/2-1/2"]
[Termination "normal"]
[Board "4.4"]
[WhiteElo "1126"]
[BlackElo "1365"]
[WhiteTeam "USG Chemnitz"]
[BlackTeam "SG Leipzig"]
[PlyCount "41"]
[WhiteFideId "12964522"]
[BlackFideId "12983306"]
[EventCountry "GER"]
[EventRounds "7"]
[EventType "team-swiss"]
[EventDate "2014.12.26"]

1. e4 c5 2. Nf3 d6 3. d4 cxd4 4. Nxd4 Nf6 5. Nc3 g6 6. Be2 Bg7 7. O-O O-O 8. f4
Nc6 9. Be3 Qb6 10. Qd2 Ng4 11. Bxg4 Bxd4 12. Bxd4 Qxd4+ 13. Qxd4 Nxd4 14. Bxc8
Raxc8 15. Rf2 Rc4 16. Rc1 Rfc8 17. Nd5 Rxc2 18. Rcxc2 Rxc2 19. Rxc2 Nxc2 20.
Nxe7+ Kf8 21. Nc8 1/2-1/2

[Event "DVM U14w 2014"]
[Site "Regensburg GER"]
[Date "2014.12.27"]
[Round "2"]
[White "Hausmann, Sarah"]
[Black "Wächter, Nathalie"]
[Result "0-1"]
[Termination "normal"]
[Board "5.1"]
[WhiteElo "1364"]
[BlackElo "1843"]
[WhiteTeam "SK Gräfelfing"]
[BlackTeam "TuRa Harksheide"]
[PlyCount "84"]
[WhiteFideId "12972630"]
[BlackFideId "12921033"]
[EventCountry "GER"]
[EventRounds "7"]
[EventType "team-swiss"]
[EventDate "2014.12.26"]

1. e4 e5 2. Nf3 Nc6 3. Bb5 a6 4. Ba4 Nf6 5. d3 b5 6. Bb3 d6 7. h3 Na5 8. c3
Nxb3 9. Qxb3 Be6 10. Qc2 Be7 11. Be3 O-O 12. Nbd2 Rc8 13. Nf1 c5 14. Ng3 Qc7
15. Nh4 Nxe4 16. Nxe4 Bxh4 17. Qe2 f5 18. Nd2 f4 19. Nf3 fxe3 20. Nxh4 Rxf2 21.
Qxe3 Rxb2 22. Qg5 Qa5 23. O-O Qd8 24. Qg3 Qe7 25. Rf3 Rf8 26. Raf1 Rxf3 27.
Qxf3 d5 28. c4 bxc4 29. dxc4 e4 30. Qc3 Rb7 31. cxd5 Bxd5 32. Nf5 Qc7 33. Qd2
Bc4 34. Re1 Bd3 35. a3 c4 36. Qc3 Qc5+ 37. Kh1 Qxf5 38. Qd4 Rf7 39. Qg1 Qf2 40.
a4 c3 41. Rc1 Qxg1+ 42. Rxg1 Rf1 0-1

[Event "DVM U14w 2014"]
[Site "Regensburg GER"]
[Date "2014.12.27"]
[Round "2"]
[White "Köhler, Inken"]
[Black "Shvartsman, Kristina"]
[Result "1-0"]
[Termination "normal"]
[Board "5.2"]
[WhiteElo "1740"]
[BlackElo "1388"]
[WhiteTeam "TuRa Harksheide"]
[BlackTeam "SK Gräfelfing"]
[PlyCount "103"]
[WhiteFideId "12929301"]
[BlackFideId "12983438"]
[EventCountry "GER"]
[EventRounds "7"]
[EventType "team-swiss"]
[EventDate "2014.12.26"]

1. e4 c5 2. d4 cxd4 3. c3 Nf6 4. e5 Nd5 5. Nf3 Nc6 6. cxd4 d6 7. Bc4 Nb6 8. Bb3
dxe5 9. dxe5 Qxd1+ 10. Bxd1 Bf5 11. Nc3 e6 12. O-O Be7 13. Be2 O-O 14. Bf4 Bb4
15. Rac1 Rac8 16. Nh4 Bxc3 17. bxc3 Bg6 18. Nxg6 hxg6 19. Rfd1 Rfd8 20. Rxd8+
Rxd8 21. Rd1 Rxd1+ 22. Bxd1 Nd5 23. Bd2 Nxe5 24. Be2 Nd7 25. Bf3 b6 26. Kf1 Kf8
27. Ke2 Ne5 28. Be4 f5 29. Bc2 Ke7 30. Bb3 Kd7 31. c4 Ne7 32. Bc3 Ng4 33. Bxg7
Nxh2 34. f3 Nc6 35. Ba4 f4 36. Kf2 Kd6 37. Bxc6 Kxc6 38. Bf8 e5 39. Kg1 Nxf3+
40. gxf3 a6 41. Kf2 Kd7 42. Ke2 Ke6 43. a4 a5 44. c5 bxc5 45. Bxc5 e4 46. fxe4
Ke5 47. Kd3 g5 48. Bd4+ Ke6 49. Bc3 g4 50. Bxa5 g3 51. Bb6 f3 52. a5 1-0

[Event "DVM U14w 2014"]
[Site "Regensburg GER"]
[Date "2014.12.27"]
[Round "2"]
[White "Khamenya, Vitalia"]
[Black "Janke, Luisa"]
[Result "1-0"]
[Termination "normal"]
[Board "5.3"]
[WhiteElo "1422"]
[BlackElo "1369"]
[WhiteTeam "SK Gräfelfing"]
[BlackTeam "TuRa Harksheide"]
[PlyCount "45"]
[WhiteFideId "12959260"]
[BlackFideId "12925225"]
[EventCountry "GER"]
[EventRounds "7"]
[EventType "team-swiss"]
[EventDate "2014.12.26"]

1. e4 {[%emt 0:00:00]} c6 2. d4 d5 3. exd5 cxd5 4. Nc3 Nf6 5. Bd3 Nc6 6. Nf3
Bg4 7. Be3 Qb6 8. Bb5 Rc8 9. Qe2 e6 10. Na4 Qc7 11. O-O Bd6 12. h3 Bxf3 13.
Qxf3 O-O 14. Bd3 Nb4 15. Bg5 Be7 16. a3 Nxd3 17. cxd3 Qc2 18. Nc5 Qxb2 19. Bxf6
Bxc5 20. Bxg7 Rfd8 21. Qg4 Rc6 22. Bh6+ Kh8 23. Qg7# 1-0

[Event "DVM U14w 2014"]
[Site "Regensburg GER"]
[Date "2014.12.27"]
[Round "2"]
[White "Giede, Anna-Blume"]
[Black "Shvartsman, Julia"]
[Result "1-0"]
[Termination "normal"]
[Board "5.4"]
[WhiteElo "1471"]
[BlackElo "1035"]
[WhiteTeam "TuRa Harksheide"]
[BlackTeam "SK Gräfelfing"]
[PlyCount "109"]
[WhiteFideId "12921980"]
[BlackFideId "12983454"]
[EventCountry "GER"]
[EventRounds "7"]
[EventType "team-swiss"]
[EventDate "2014.12.26"]

1. e4 {[%emt 0:00:00]} e5 2. Nf3 Nc6 3. d4 exd4 4. Nxd4 Bc5 5. Be3 Bb6 6. Bc4
Nf6 7. Nc3 Ne5 8. Be2 d5 9. f3 Be6 10. Nxe6 fxe6 11. Bxb6 axb6 12. O-O O-O 13.
Qd2 Qd6 14. Kh1 d4 15. Nb5 Qc5 16. Qxd4 Qxc2 17. Qxe5 Qxe2 18. Qxe6+ Kh8 19.
Qb3 Nh5 20. Nd4 Qd2 21. Rad1 Qg5 22. Ne6 Qg6 23. Nxf8 Rxf8 24. Rd2 Qg5 25. Rfd1
Nf4 26. Qc3 c5 27. Qb3 h6 28. Qxb6 c4 29. Qxb7 h5 30. Qb4 Rg8 31. Qxc4 h4 32.
Rc2 Qh5 33. Rf1 Qg5 34. Qc5 Qg6 35. Qf5 Qh6 36. Rc5 Rf8 37. Qxf8+ Kh7 38. Qf5+
Ng6 39. Qh5 Qxh5 40. Rxh5+ Kg8 41. Rd1 Nf4 42. Rxh4 Ne2 43. g3 g6 44. Kg2 Kg7
45. Kf2 Nxg3 46. hxg3 g5 47. Rg4 Kg6 48. f4 Kf6 49. Rxg5 Ke6 50. Rh1 Kf6 51.
Rh6+ Kf7 52. Ra5 Kg7 53. Rb6 Kf7 54. Ra7+ Ke8 55. Rb8# 1-0

[Event "DVM U14w 2014"]
[Site "Regensburg GER"]
[Date "2014.12.27"]
[Round "2"]
[White "Mönster, Madita"]
[Black "Bünte, Kirsten"]
[Result "1-0"]
[Termination "normal"]
[Board "6.1"]
[WhiteElo "1602"]
[BlackElo "1316"]
[WhiteTeam "SK Nordhorn-Blanke"]
[BlackTeam "Gütersloher SV"]
[PlyCount "175"]
[WhiteFideId "12947156"]
[BlackFideId "16200535"]
[EventCountry "GER"]
[EventRounds "7"]
[EventType "team-swiss"]
[EventDate "2014.12.26"]

1. e4 e5 2. Nf3 Nf6 3. Nc3 Nc6 4. Bb5 d6 5. O-O Bg4 6. d3 h6 7. Be3 Be7 8. Re1
O-O 9. Bxc6 bxc6 10. h3 Bh5 11. Qe2 Qd7 12. Bd2 Rab8 13. Rab1 Qe6 14. Qe3 Rb7
15. Nh4 Bg6 16. Nxg6 fxg6 17. b3 a6 18. Ne2 Nh5 19. d4 Bg5 20. Qc3 Bxd2 21.
Qxd2 Rbb8 22. Rbd1 Rf6 23. dxe5 Qxe5 24. Qd4 Qxd4 25. Nxd4 c5 26. Nc6 Rbf8 27.
f3 Nf4 28. Kh2 Re8 29. e5 Rfe6 30. g3 Nh5 31. Rd5 Nf6 32. Rdd1 dxe5 33. Na5 e4
34. f4 Rd6 35. Nc4 Rxd1 36. Rxd1 e3 37. Re1 Nd5 38. Kg2 e2 39. Kf2 Nc3 40. a3
Rd8 41. h4 Rd1 42. Ne3 Rd2 43. Ng4 Rd1 44. Ne5 Rd2 45. Nf3 Rxc2 46. Ng1 Ne4+
47. Kf3 Nd2+ 48. Kxe2 Nxb3+ 49. Kd3 Nd4 50. Re8+ Kf7 51. Rc8 Rc1 52. Rxc7+ Kg8
53. Nh3 Rd1+ 54. Kc4 Rc1+ 55. Kd5 Nb5 56. Rc8+ Kf7 57. Rc6 c4 58. Nf2 Nc3+ 59.
Kc5 Nb5 60. Rxa6 Rc2 61. Nd1 Nc3 62. Ne3 Rc1 63. Nxc4 Ne2 64. Ra7+ Kf6 65. Kd5
Nxg3 66. Ne5 Rd1+ 67. Kc6 Rc1+ 68. Kb6 Nf5 69. Nd7+ Ke6 70. Nf8+ Kf6 71. Nd7+
Ke6 72. Ne5 Kf6 73. a4 Nxh4 74. Rf7+ Ke6 75. Rxg7 Kf5 76. Nd3 Rd1 77. Rd7 Rb1+
78. Kc6 Ra1 79. Rd5+ Kg4 80. a5 g5 81. fxg5 hxg5 82. Kb6 Rb1+ 83. Rb5 Rd1 84.
Nf2+ Kf3 85. Nxd1 g4 86. a6 g3 87. Rb3+ Kf4 88. Rxg3 1-0

[Event "DVM U14w 2014"]
[Site "Regensburg GER"]
[Date "2014.12.27"]
[Round "2"]
[White "Neumann, Konstantina"]
[Black "ter Stal, Esther"]
[Result "0-1"]
[Termination "normal"]
[Board "6.2"]
[WhiteElo "1182"]
[BlackElo "1482"]
[WhiteTeam "Gütersloher SV"]
[BlackTeam "SK Nordhorn-Blanke"]
[PlyCount "78"]
[WhiteFideId "16200543"]
[BlackFideId "12944467"]
[EventCountry "GER"]
[EventRounds "7"]
[EventType "team-swiss"]
[EventDate "2014.12.26"]

1. e4 {[%emt 0:00:00]} c6 2. Nc3 d5 3. Nf3 Bg4 4. Be2 Nd7 5. d4 dxe4 6. Nxe4
Ngf6 7. Nxf6+ Nxf6 8. O-O e6 9. Bg5 Be7 10. Re1 O-O 11. Qd3 Bf5 12. Qb3 Qc7 13.
Ne5 Rfd8 14. Rad1 c5 15. Bf4 Bd6 16. Qe3 cxd4 17. Rxd4 Bc5 18. Rxd8+ Rxd8 19.
Qc3 Qb6 20. Be3 Bxe3 21. fxe3 Nd5 22. Qb3 Qxb3 23. axb3 Bxc2 24. Bf3 Bxb3 25.
Bd1 Bxd1 26. Rxd1 Rc8 27. h3 g6 28. e4 Nf6 29. Rf1 Kg7 30. Nxf7 Nxe4 31. Ne5
Rf8 32. Rd1 Nc5 33. Rc1 b6 34. b4 Na6 35. Nd3 Rf7 36. Rc6 Re7 37. b5 Nc7 38.
Rd6 Nxb5 39. Nf4 Nxd6 0-1

[Event "DVM U14w 2014"]
[Site "Regensburg GER"]
[Date "2014.12.27"]
[Round "2"]
[White "Hallfarth, Freya"]
[Black "Neumann, Anna-Alicia"]
[Result "1-0"]
[Termination "normal"]
[Board "6.3"]
[WhiteElo "1125"]
[BlackElo "1115"]
[WhiteTeam "SK Nordhorn-Blanke"]
[BlackTeam "Gütersloher SV"]
[PlyCount "59"]
[WhiteFideId "12981168"]
[BlackFideId "16200551"]
[EventCountry "GER"]
[EventRounds "7"]
[EventType "team-swiss"]
[EventDate "2014.12.26"]

1. c4 {[%emt 0:00:00]} e5 2. Nc3 d6 3. g3 Be6 4. Bg2 c6 5. b3 Nf6 6. e3 Nbd7 7.
Nge2 d5 8. cxd5 cxd5 9. O-O Qa5 10. Bb2 Bf5 11. d4 Ba3 12. Bxa3 Qxa3 13. Nxd5
Nxd5 14. Bxd5 e4 15. Nc3 Nf6 16. Bc4 Qa5 17. Nb5 Qb6 18. Rc1 Rc8 19. a4 a6 20.
a5 Qc6 21. Bxf7+ Kxf7 22. Rxc6 Rxc6 23. Na3 Rc3 24. Nc4 b5 25. Nd6+ Ke6 26. Qd2
Rc7 27. Qb4 Bh3 28. Rd1 Rd8 29. d5+ Ke5 30. f4+ 1-0

[Event "DVM U14w 2014"]
[Site "Regensburg GER"]
[Date "2014.12.27"]
[Round "2"]
[White "Jörs, Pia-Milena"]
[Black "Rudolph, Eva"]
[Result "0-1"]
[Termination "normal"]
[Board "7.1"]
[WhiteElo "1462"]
[BlackElo "1278"]
[WhiteTeam "SG Güstrow/Teterow"]
[BlackTeam "Düsseldorfer SK"]
[PlyCount "68"]
[WhiteFideId "12964646"]
[BlackFideId "16200594"]
[EventCountry "GER"]
[EventRounds "7"]
[EventType "team-swiss"]
[EventDate "2014.12.26"]

1. e4 e5 2. Nf3 Nf6 3. Nxe5 d6 4. Nf3 Nxe4 5. d4 d5 6. Bd3 Bg4 7. Nc3 Bb4 8.
Bd2 Nc6 9. O-O O-O 10. h3 Bh5 11. Re1 Nf6 12. a3 Bd6 13. Be3 Re8 14. Be2 Ne4
15. Nxe4 dxe4 16. Nd2 Bg6 17. Nc4 Be7 18. c3 Qd7 19. Bf4 Bh4 20. Bh5 Qf5 21.
Bxg6 Bxf2+ 22. Kxf2 Qxf4+ 23. Kg1 hxg6 24. Qc2 Re7 25. Re2 Rae8 26. Rae1 Nd8
27. Ne5 c5 28. Rxe4 Qf5 29. g4 Qg5 30. Nf3 Qf6 31. dxc5 Ne6 32. Nd4 Nxc5 33.
Rxe7 Rxe7 34. Rxe7 Qxe7 0-1

[Event "DVM U14w 2014"]
[Site "Regensburg GER"]
[Date "2014.12.27"]
[Round "2"]
[White "Kogan, Dina Rachel"]
[Black "Eulitz, Charlotte"]
[Result "0-1"]
[Termination "normal"]
[Board "7.2"]
[WhiteElo "1229"]
[BlackElo "1482"]
[WhiteTeam "Düsseldorfer SK"]
[BlackTeam "SG Güstrow/Teterow"]
[PlyCount "64"]
[WhiteFideId "16200608"]
[BlackFideId "12964654"]
[EventCountry "GER"]
[EventRounds "7"]
[EventType "team-swiss"]
[EventDate "2014.12.26"]

1. e4 e5 2. Nf3 Nc6 3. d4 exd4 4. Bc4 Nf6 5. e5 Ne4 6. Bb5 Bb4+ 7. Bd2 Nxd2 8.
Nbxd2 O-O 9. O-O a6 10. Bc4 d6 11. e6 Bxe6 12. Bxe6 fxe6 13. Ne4 e5 14. Qd3 d5
15. h4 dxe4 16. Qxe4 h6 17. Nh2 Qd6 18. Rad1 Ba5 19. c4 Qe6 20. Rd3 Rf4 21. Qd5
Qxd5 22. cxd5 Nb4 23. Rh3 Nxd5 24. Nf3 Re8 25. Re1 Bxe1 26. Nxe1 e4 27. Nc2 d3
28. Ne3 Nxe3 29. Rxe3 d2 30. Kh2 d1=Q 31. f3 Qd2 32. Rxe4 Rexe4 0-1

[Event "DVM U14w 2014"]
[Site "Regensburg GER"]
[Date "2014.12.27"]
[Round "2"]
[White "Maßloch, Lea"]
[Black "Takeuchi, Alina"]
[Result "1-0"]
[Termination "normal"]
[Board "7.3"]
[WhiteElo "1133"]
[BlackElo "920"]
[WhiteTeam "SG Güstrow/Teterow"]
[BlackTeam "Düsseldorfer SK"]
[PlyCount "137"]
[WhiteFideId "12957909"]
[BlackFideId "16200616"]
[EventCountry "GER"]
[EventRounds "7"]
[EventType "team-swiss"]
[EventDate "2014.12.26"]

1. e4 d5 2. exd5 Qxd5 3. Nc3 Qd6 4. d4 a6 5. Nf3 e6 6. Be2 Nf6 7. Be3 Be7 8.
O-O O-O 9. Qd2 b5 10. Bf4 Qb6 11. Ne5 c5 12. Bf3 Bb7 13. Bxb7 Qxb7 14. Be3 cxd4
15. Qxd4 Rd8 16. Qf4 b4 17. Ne2 Qd5 18. Qf3 Qxf3 19. Nxf3 Rd5 20. Rfd1 Rh5 21.
Rd3 Nbd7 22. Rad1 h6 23. g3 Rc8 24. c3 e5 25. R3d2 e4 26. Nfd4 Ne5 27. Kg2 Nfg4
28. Rh1 Bc5 29. h3 Nf6 30. cxb4 Bxb4 31. Rdd1 Nf3 32. Nxf3 exf3+ 33. Kxf3 Rf5+
34. Kg2 Rc2 35. Nd4 Rxb2 36. Nxf5 a5 37. Bd4 Rxa2 38. Ra1 Rxa1 39. Rxa1 Kh7 40.
Bxf6 gxf6 41. Ne3 Bc3 42. Ra2 f5 43. Nc4 Kg6 44. Nxa5 Bxa5 45. Rxa5 h5 46. f4
f6 47. h4 Kh7 48. Rxf5 Kg6 49. Rb5 f5 50. Kf3 Kf6 51. Rb6+ Kg7 52. Ke3 Kh7 53.
Rf6 Kg7 54. Rxf5 Kg6 55. Ke4 Kh6 56. Rf8 Kg6 57. f5+ Kg7 58. Rd8 Kf6 59. Rd6+
Kf7 60. Ke5 Kf8 61. f6 Kf7 62. Rd7+ Kf8 63. Ke6 Ke8 64. f7+ Kf8 65. Rd8+ Kg7
66. f8=Q+ Kg6 67. Qf6+ Kh7 68. Rd7+ Kg8 69. Qg7# 1-0

[Event "DVM U14w 2014"]
[Site "Regensburg GER"]
[Date "2014.12.27"]
[Round "2"]
[White "Sokolowski, Judith"]
[Black "Gesell, Myriam"]
[Result "1-0"]
[Termination "normal"]
[Board "7.4"]
[WhiteElo "1043"]
[BlackElo "800"]
[WhiteTeam "Düsseldorfer SK"]
[BlackTeam "SG Güstrow/Teterow"]
[PlyCount "61"]
[WhiteFideId "16200624"]
[BlackFideId "16200330"]
[EventCountry "GER"]
[EventRounds "7"]
[EventType "team-swiss"]
[EventDate "2014.12.26"]

1. e4 {[%emt 0:00:00]} e5 {[%emt 0:00:00]} 2. Nf3 Nc6 3. d4 Nf6 4. d5 Nb4 5. a3
Na6 6. Nc3 Ng4 7. h3 Nf6 8. Nxe5 Bc5 9. Bc4 d6 10. Nf3 O-O 11. O-O Bb6 12. Bg5
h6 13. Bxf6 Qxf6 14. Re1 Qg6 15. Kh1 Bxf2 16. Rf1 Bb6 17. b4 Bd7 18. Qe2 Rae8
19. Bd3 Re7 20. Rab1 Bd4 21. Nxd4 Re5 22. Qf3 Rh5 23. Rg1 Rh4 24. Be2 Re8 25.
Kh2 Bg4 26. Qd3 Qh5 27. Bxg4 Qxg4 28. Rbf1 Re5 29. Nf5 Rh5 30. Rf3 g6 31. Rg3
1-0

[Event "DVM U14w 2014"]
[Site "Regensburg GER"]
[Date "2014.12.27"]
[Round "2"]
[White "Hartmann, Jasmin"]
[Black "Lederer, Leia"]
[Result "0-1"]
[Termination "normal"]
[Board "8.1"]
[WhiteElo "1217"]
[BlackElo "1569"]
[WhiteTeam "SV 1926 Riegelsberg"]
[BlackTeam "SV Stuttgart-Wolfbusch"]
[PlyCount "62"]
[WhiteFideId "12988898"]
[BlackFideId "12926353"]
[EventCountry "GER"]
[EventRounds "7"]
[EventType "team-swiss"]
[EventDate "2014.12.26"]

1. e4 {[%emt 0:00:00]} e5 2. f4 exf4 3. Nf3 g5 4. d4 d6 5. Bc4 Nc6 6. Nc3 Bg7
7. d5 Ne5 8. Bb3 Bg4 9. Qd2 Bxf3 10. gxf3 g4 11. fxg4 f3 12. Qf2 Bf6 13. Ba4+
Kf8 14. Bf4 Bh4 15. Bg3 Bxg3 16. hxg3 Qf6 17. Rh4 Nh6 18. Rh5 Nhxg4 19. Rf5 Qh6
20. Qf1 Qe3+ 21. Ne2 fxe2 22. Qxe2 Qxg3+ 23. Kd2 Nh6 24. Rf2 Qg5+ 25. Kd1 Nhg4
26. Rf1 Ne3+ 27. Ke1 Nxf1 28. Qxf1 Qe3+ 29. Qe2 Nf3+ 30. Kd1 Qg1+ 31. Qe1 Qxe1#
0-1

[Event "DVM U14w 2014"]
[Site "Regensburg GER"]
[Date "2014.12.27"]
[Round "2"]
[White "Kobald, Jacqueline"]
[Black "Weiten, Anna"]
[Result "1-0"]
[Termination "normal"]
[Board "8.2"]
[WhiteElo "1207"]
[BlackElo "1222"]
[WhiteTeam "SV Stuttgart-Wolfbusch"]
[BlackTeam "SV 1926 Riegelsberg"]
[PlyCount "73"]
[WhiteFideId "12988162"]
[BlackFideId "12938203"]
[EventCountry "GER"]
[EventRounds "7"]
[EventType "team-swiss"]
[EventDate "2014.12.26"]

1. e4 e5 2. Nf3 Nc6 3. Bb5 Nd4 4. Nxd4 exd4 5. O-O Bc5 6. Bc4 d6 7. d3 Nf6 8.
Bg5 O-O 9. f4 Re8 10. Re1 Bb4 11. c3 dxc3 12. Nxc3 h6 13. Bh4 Bc5+ 14. Kh1 Ng4
15. Bxf7+ Kh8 16. Qxg4 Bxg4 17. Bxd8 Rexd8 18. f5 Rf8 19. Bg6 Rad8 20. h3 Bxf5
21. Bxf5 c6 22. Rad1 Bb4 23. Rc1 d5 24. Rf1 dxe4 25. dxe4 Rd2 26. Bg6 Rf6 27.
Bf5 Rxb2 28. e5 Rf8 29. e6 Re8 30. Rfd1 g6 31. Bxg6 Rxe6 32. Bf5 Re5 33. Rd8+
Kg7 34. Rd7+ Kf6 35. g4 Rc5 36. Ne4+ Ke5 37. Nxc5 1-0

[Event "DVM U14w 2014"]
[Site "Regensburg GER"]
[Date "2014.12.27"]
[Round "2"]
[White "Hartmann, Katrin"]
[Black "Liu, Sijia Anna"]
[Result "1-0"]
[Termination "normal"]
[Board "8.3"]
[WhiteElo "1097"]
[BlackElo "1040"]
[WhiteTeam "SV 1926 Riegelsberg"]
[BlackTeam "SV Stuttgart-Wolfbusch"]
[PlyCount "129"]
[WhiteFideId "16200632"]
[BlackFideId "12989746"]
[EventCountry "GER"]
[EventRounds "7"]
[EventType "team-swiss"]
[EventDate "2014.12.26"]

1. e4 c5 2. Nf3 Nc6 3. Nc3 g6 4. d4 cxd4 5. Nxd4 Bg7 6. Nxc6 bxc6 7. Bc4 Bb7 8.
Be3 d6 9. O-O Nf6 10. Qd2 Ng4 11. Bg5 O-O 12. h3 Nf6 13. Bh6 d5 14. Bxg7 Kxg7
15. exd5 cxd5 16. Bb3 e6 17. Rfe1 Qc7 18. Qd4 Qc6 19. Re3 Rfe8 20. Rae1 Re7 21.
Rf3 e5 22. Rxe5 Rxe5 23. Qxe5 Re8 24. Qd4 Qd6 25. g3 Re1+ 26. Kh2 Qe5 27. Qxe5
Rxe5 28. Rd3 Kf8 29. Na4 Re1 30. Nc5 Ba8 31. c3 d4 32. Rd1 Re2 33. Rxd4 Rxf2+
34. Kg1 Rg2+ 35. Kf1 Rxg3 36. Rd8+ Ke7 37. Rxa8 Kd6 38. Na4 h5 39. Rxa7 g5 40.
Rxf7 Ke5 41. Bd1 h4 42. b4 g4 43. Bxg4 Nxg4 44. hxg4 Rxg4 45. Rh7 Kf4 46. b5
Kg3 47. b6 h3 48. b7 Rg8 49. c4 Rf8+ 50. Ke2 Kg2 51. c5 h2 52. c6 Re8+ 53. Kd3
Re7 54. Rxh2+ Kxh2 55. b8=Q+ Kh3 56. Qh8+ Kg4 57. Qd4+ Kg5 58. Qd8 Kf6 59. c7
Ke6 60. c8=Q+ Rd7+ 61. Qcxd7+ Ke5 62. Q8e8+ Kf4 63. Qdf7+ Kg3 64. Qeg8+ Kh2 65.
Qfh7# 1-0

[Event "DVM U14w 2014"]
[Site "Regensburg GER"]
[Date "2014.12.27"]
[Round "2"]
[White "Witte, Hanna"]
[Black "Holschuh, Nadia"]
[Result "0-1"]
[Termination "normal"]
[Board "8.4"]
[WhiteElo "800"]
[BlackElo "750"]
[WhiteTeam "SV Stuttgart-Wolfbusch"]
[BlackTeam "SV 1926 Riegelsberg"]
[PlyCount "82"]
[WhiteFideId "16200322"]
[BlackFideId "16200640"]
[EventCountry "GER"]
[EventRounds "7"]
[EventType "team-swiss"]
[EventDate "2014.12.26"]

1. e4 {[%emt 0:00:00]} e5 2. Nf3 Nf6 3. Nc3 Nc6 4. d3 Bc5 5. Bg5 d6 6. Nd5 Bg4
7. Qd2 O-O 8. O-O-O Nd4 9. Be2 Nxd5 10. Bxd8 Raxd8 11. h3 Bb4 12. Qg5 Nxe2+ 13.
Kb1 Bxf3 14. gxf3 Ndf4 15. a3 Bc5 16. Rhg1 Nxg1 17. Rxg1 g6 18. Rd1 Nxh3 19.
Qg3 Nxf2 20. Rf1 Nxe4 21. fxe4 Rfe8 22. b4 Bd4 23. c3 Bxc3 24. Rc1 Bd2 25. Rd1
Bf4 26. Qh4 d5 27. exd5 Rxd5 28. d4 Red8 29. Re1 Rxd4 30. Qh1 Bd2 31. Rf1 c6
32. Qg1 h5 33. a4 Bxb4 34. Re1 Bxe1 35. Qxe1 e4 36. Kc1 Rxa4 37. Kb1 Rd5 38.
Qc1 b6 39. Qe1 Rc4 40. Qf1 Rb5+ 41. Ka2 Ra4# 0-1

[Event "DVM U14w 2014"]
[Site "Regensburg GER"]
[Date "2014.12.27"]
[Round "2"]
[White "Oberhofer, Marie"]
[Black "Schneider, Xenia"]
[Result "1-0"]
[Termination "normal"]
[Board "9.1"]
[WhiteElo "1648"]
[BlackElo "1107"]
[WhiteTeam "SC Bavaria Regensburg"]
[BlackTeam "SK Endingen"]
[PlyCount "71"]
[WhiteFideId "12938165"]
[BlackFideId "12911984"]
[EventCountry "GER"]
[EventRounds "7"]
[EventType "team-swiss"]
[EventDate "2014.12.26"]

1. e4 c5 2. Nf3 Nc6 3. d4 b6 4. Be3 d6 5. Nc3 e6 6. Qd2 Be7 7. O-O-O Bd7 8. Be2
h6 9. d5 exd5 10. Nxd5 Nf6 11. Bd3 Be6 12. Nxe7 Qxe7 13. Bb5 Bd7 14. Qxd6 Qxd6
15. Rxd6 Rc8 16. Rhd1 O-O 17. Ba6 Rcd8 18. e5 Ng4 19. Rxd7 Rxd7 20. Rxd7 Nb8
21. Rxa7 Nc6 22. Rb7 Nb4 23. Rxb6 Rd8 24. Rd6 Rxd6 25. exd6 Nf6 26. Bb5 Kf8 27.
Bxc5 Kg8 28. Bxb4 Nd5 29. d7 Nxb4 30. d8=Q+ Kh7 31. Bd3+ g6 32. Qe7 Nxd3+ 33.
cxd3 Kg7 34. Ne5 Kg8 35. Qxf7+ Kh8 36. Nxg6# 1-0

[Event "DVM U14w 2014"]
[Site "Regensburg GER"]
[Date "2014.12.27"]
[Round "2"]
[White "Wagner, Lena"]
[Black "Böse, Carolin"]
[Result "1-0"]
[Termination "normal"]
[Board "9.2"]
[WhiteElo "988"]
[BlackElo "1410"]
[WhiteTeam "SK Endingen"]
[BlackTeam "SC Bavaria Regensburg"]
[PlyCount "109"]
[WhiteFideId "12983470"]
[BlackFideId "12929646"]
[EventCountry "GER"]
[EventRounds "7"]
[EventType "team-swiss"]
[EventDate "2014.12.26"]

1. e4 e5 2. Nf3 Nf6 3. Bc4 Bc5 4. Nc3 Nc6 5. O-O d6 6. h3 O-O 7. d3 Be6 8. Bb3
d5 9. Bg5 h6 10. Bh4 d4 11. Nd5 Be7 12. Nxe7+ Qxe7 13. Ba4 Nd8 14. Nxe5 Bxh3
15. Nf3 Bg4 16. e5 g5 17. exf6 Qxf6 18. Bg3 Ne6 19. Be5 Qf5 20. Qe2 Bxf3 21.
Qxf3 Qxe5 22. Rfe1 Qf4 23. Qxf4 Nxf4 24. Re4 b6 25. Bc6 Rad8 26. Rae1 Ne6 27.
Bb5 c5 28. Bc4 Rde8 29. Bxe6 fxe6 30. Rxe6 Rxe6 31. Rxe6 Kg7 32. f3 h5 33. Kh2
Rf4 34. Re7+ Rf7 35. Rxf7+ Kxf7 36. Kh3 Kf6 37. g4 hxg4+ 38. Kxg4 Kg6 39. c3
Kf6 40. cxd4 cxd4 41. f4 gxf4 42. Kxf4 a6 43. Ke4 Ke6 44. Kxd4 Kd6 45. b3 b5
46. b4 Kc6 47. Ke5 Kd7 48. Kd5 Kc7 49. Kc5 Kb7 50. d4 Kc7 51. Kd5 Kd7 52. a3
Kc7 53. Ke6 Kc8 54. d5 Kd8 55. Kd6 1-0